000 00721pam a2200229 a 4500
001 4979955
005 20180306091507.0
008 980423s1999 njuab b 001 0 eng
010 _a 98022982
020 _a0137917325
040 _aDLC
_cDLC
_dDLC
041 _aeng
080 _a300.712 DYN
082 0 0 _a300.712 DYN
_221
100 1 _a50
101 _aSOC
245 1 0 _aDesigning effective instruction for secondary social studies /
_cThomas L. Dynneson, Richard E. Gross.
504 _aIncludes bibliographical references and index.
906 _a7
_brip
_corignew
_d1
_eocip
_f19
_gy-gencatlg
942 _2ddc
_cBK
999 _c44223
_d44223